|
|
|
แสดงรายละเอียดบรรณานุกรม |
|
|||
| ห้องสมุดโรงเรียนพะเยาพิทยาคม...ยินดีต้อนรับ...ทุกท่านเข้าสู่ระบบห้องสมุดอัตโนมัติ | ||||
|
Brief Record
: Get Marc (ISO 2709)
: E-mail record
: |
|
|
| LEADER 00000nam 2200000uu 4500 | |||
| 001 13399120387 | |||
| 003 ULIBM | |||
| 008 181101s2557||||th 000 0 tha d | |||
| 020 ^a9786160821075 | |||
| 082 0 ^a004.692 ^bก113ท | |||
| 100 0 ^aกัญญารัตน์ จิราสวัสดิ์. | |||
| 245 00 ^aเทคนิคเขียนอีเมลธุกิจและโต้ตอบโทรศัพท์ ฉบับมืออาชีพ E-Mail &Telephone Tips for Work/^cโดย กัญญารัตน์ จิราสวัสดิ์. | |||
| 250 ^aพิมพ์ครั้งที่ 1. | |||
| 260 ^aกรุงเทพมหานาคร :^bซีเอ็ดยูเคชั่น,^c2557. | |||
| 300 ^a384 หน้า :^bภาพประกอบ;^c24 ซม. | |||
| 650 0 ^aไปรษณีย์อีเล็กทรอนิกส์. | |||
| 999 ^aปาริฉัตร์ | |||
| คุณยังไม่ได้ล็อกอิน คุณสามารถมีกิจกรรมร่วมกับเว็บไซต์ได้ แต่ต้องล็อกอินก่อน :: |
|
| สถานะ | |||||||||
| 1. | หนังสือ | 004.692 ก113ท 2557 c.1 Barcode: 54155 | ►ห้องสมุดไร้พรมแดน | On Shelf ขอยืม | |||||
| 2. | หนังสือ | 004.692 ก113ท 2557 c.2 Barcode: 54156 | ►ห้องสมุดไร้พรมแดน | On Shelf ขอยืม | |||||
| [แสดง 2/2 รายการ] | |||||||||
หนังสือดีน่าอ่าน

“ดั่งดวงแก้ว ส่องสว่าง ทางสายงาม”
จัดทำขึ้นเพื่อเฉลิมพระเกียรติ สมเด็จพระเทพรัตนราชสุดา ฯ สยามบรมราชกุมารี
เนื่องในโอกาสมหามงคลเฉลิมพระชนมพรรษา ๕ รอบ ๒ เมษายน ๒๕๕๘
โดยหนังสือเล่มนี้ได้รวบรวม ๖๐ พระอัจฉริยภาพของสมเด็จพระเทพ ฯ
ผู้อ่านจะได้รับแรงบันดาลใจให้พากเพียรเรียนรู้และขยันอดทนทำการงาน
ตามรอยเบื้องพระยุคลบาท เพราะพระองค์ทรงเป็นแบบอย่างอันดีเยี่ยมในทุกด้าน
ทั้งในความใฝ่รู้ใฝ่เรียน คุณธรรมจริยธรรม พระวิริยอุตสาหะในการทรงงาน
และอื่นๆอีกมากมาย ล้วนสามารถสร้างแรงบันดาลใจให้แก่เด็กและเยาวชน
อีกทั้งประชาชนทั่วไป ให้พากเพียรเรียนรู้และขยันอดทนทำการงานตามรอยพระยุคลบาท
เพื่อฝึกฝนตนเองให้เป็นคนดีคนเก่งของครอบครัวและสังคมต่อไป

แสดงความเห็นเกี่ยวกับหนังสือเล่มนี้ |
| คอมเมนท์ทรัพยากรรายการนี้ |
|
ห้องสมุดเฉลิมพระเกียรติกาญจนาภิเษก โรงเรียนพะเยาพิทยาคม อำเภอเมือง จังหวัดพะเยา 56000
![]()
![]()
E-mail :
Library Phayaopittayakom
05-4431-275 ต่อ 4621